Nature's patterns : a tapestry in three parts: branches (Record no. 78738)

MARC details
000 -LEADER
fixed length control field 00843nam a2200181 a 4500
008 - FIXED-LENGTH DATA ELEMENTS--GENERAL INFORMATION
fixed length control field 130423s2009 ||||||||||||||||| || u
020 ## - INTERNATIONAL STANDARD BOOK NUMBER
International Standard Book Number 9780199604883
050 ## - LIBRARY OF CONGRESS CALL NUMBER
Classification number Q 172.5.C45 BAL
100 ## - MAIN ENTRY--PERSONAL NAME
Personal name Ball, Philip
245 10 - TITLE STATEMENT
Title Nature's patterns : a tapestry in three parts: branches
Statement of responsibility, etc. by Philip Ball
260 ## - PUBLICATION, DISTRIBUTION, ETC.
Place of publication, distribution, etc. Oxford:
Name of publisher, distributor, etc. Oxford University Press
Date of publication, distribution, etc. 2009
300 ## - PHYSICAL DESCRIPTION
Extent 221p. : ill.
650 ## - SUBJECT ADDED ENTRY--TOPICAL TERM
Topical term or geographic name entry element PATTERN FORMATION (BIOLOGY)
650 ## - SUBJECT ADDED ENTRY--TOPICAL TERM
Topical term or geographic name entry element PATTERN FORMATION (PHYSICAL SCIENCES)
650 ## - SUBJECT ADDED ENTRY--TOPICAL TERM
Topical term or geographic name entry element CHAOTIC BEHAVIOR IN SYSTEMS
995 ## -
-- MAIN LIBRARY OPEN ACCESS
-- 743841
-- CBU-MAIN LIBRARY (Kitwe)
-- Q 172.5.C45 BAL
-- 1
-- AVAILABLE
-- May 23, 2013
-- 743841
-- Main Library Open Access Collection
995 ## -
-- MAIN LIBRARY OPEN ACCESS
-- 743842
-- CBU-MAIN LIBRARY (Kitwe)
-- Q 172.5.C45 BAL
-- 2
-- AVAILABLE
-- May 23, 2013
-- 743842
-- Main Library Open Access Collection
999 ## -
-- 78738
-- 78738
Holdings
Withdrawn status Lost status Source of classification or shelving scheme Damaged status Not for loan Permanent Location Current Location Shelving location Date acquired Total Checkouts Full call number Barcode Date last seen Copy number Price effective from Koha item type
          CBU-MAIN LIBRARY, KITWE. CBU-MAIN LIBRARY, KITWE.   06/06/2023   Q 172.5.C45 BAL 743841 06/06/2023 1 06/06/2023 MONOGRAPH
          CBU-MAIN LIBRARY, KITWE. CBU-MAIN LIBRARY, KITWE.   06/06/2023   Q 172.5.C45 BAL 743842 06/06/2023 2 06/06/2023 MONOGRAPH